Dawson - Choix multiples - Statistiques

Statistiques générales
  • Ce quiz a été pris 4 fois
  • Le résultat moyen est 7 sur 10
Statistiques - réponses
Question Réponse % Correct
Reconnaissez-vous Dawson sur l'une des images suivantes ?
100%
Comment appelle-t-on la période historique qui a fait la renommée de la cité de Dawson ? La Ruée vers l'or
100%
Dans quel territoire canadien se situe Dawson ? Le Yukon
100%
De quelle série de bandes dessinées un album est intitulé d'après la rivière précédente et se déroule principalement à Dawson ? Lucky Luke
100%
Parmi les rivières suivantes, laquelle coule à Dawson ? Le Klondike
75%
Durant la période précédente, Dawson a connu une croissance démographique soudaine et brutale. Comment appelle-t-on les villes qui connaissent un tel phénomène démographique ? Les villes champignons
75%
Qui est Émilie Fortin-Tremblay, figure francophone marquante de Dawson ? La réputée première femme blanche à franchir le col Chilkoot pour rejoindre le grand nord canadien.
50%
Dans quel film de Nicolas Vannier, le personnage principal se rend une fois par an à Dawson ? Le Dernier trappeur
50%
Joseph Ladue le fondateur de Dawson était un Canadien français émigré aux États-Unis. Quel était son nom d'origine anglicisé en Ladue ? Ledoux
50%
Quel romancier français d'histoire d'aventures a écrit "Le Volcan d'or" dont l'histoire se déroule en grande partie à Dawson ? Jules Verne
25%
Aucun quiz correspondant
Distribution des résultats
% des personnes avec chaque résultat
Percentile par nombre de réponses
Votre historique - résultats
Vous n’avez pas pris ce quiz